000 004700000a22001930004500
999 _c48677
_d48677
001 1517
003 CO-MdFUSB
005 20170719155400.0
008 170719b xxu||||| |||| 00| 0 eng d
020 _a958-42-0138-7
040 _cCO-MdBIC
082 0 4 _a863C Sa22pe
100 1 _aSaint - Exupery de, Antoine
245 1 0 _aEl principito / Antoine de Saint - Exupery
250 _a6a ed.
260 _aBogotá : Emecé editores
300 _a110 P.
942 _cLGB